Представление документа в формате RUSMARC

Поле Инд. ПП Название Значение
Тип записи a
Библиографический уровень a
001 Контрольный номер 88f6f8481a264c51ac858f4cb9edc994
005 Дата корректировки 20181120134525.7
100 a Данные общей обработки 20180607 ||| 0rusy0189 ca
101 0_ a Язык текста rus
102 a Страна публикации RU
200 1_ f Первые сведения об ответственности З. Осипова
a Заглавие Субсидиарная ответственность руководителя управляющей организации в сфере ЖКХ
210 d Дата издания 2018
461 _0 1 2000
a Жилищное право
463 _0 1 2000
a № 2
v С. 7-16
1 2101
d 2018
1 001e3a98a17515f4e95b15efdaf556c0adf
606 a Основная рубрика Гражданское и торговое право
610 0_ a Ключевые слова ЖИЛИЩНОЕ ПРАВО; СУБСИДИАРНАЯ ОТВЕТСТВЕННОСТЬ; УПРАВЛЕНИЕ МНОГОКВАРТИРНЫМИ ДОМАМИ
700 _1 a Фамилия Осипова
b Имя З.
801 _0 a Страна RU
b Организация РГУП
c Дата составления 20180607
g Правила каталогизации PSBO
801 _1 a Страна RU
b Организация РГУП
c Дата составления 20180607
g Правила каталогизации PSBO
901 t Тип документа b
w Контрольный № источника e3a98a17515f4e95b15efdaf556c0adf
905 a Дата ввода 20180607